Normal view
MARC view
Entry Geographic Name
001 - CONTROL NUMBER
- control field: 43052
003 - CONTROL NUMBER IDENTIFIER
- control field: ARRUPE
005 - DATE AND TIME OF LATEST TRANSACTION
- control field: 20181023093442.0
008 - FIXED-LENGTH DATA ELEMENTS
- fixed length control field: 181023|| aca||aabn | a|a d
040 ## - CATALOGING SOURCE
- Original cataloging agency: ARRUPE
- Transcribing agency: ARRUPE
151 ## - HEADING--GEOGRAPHIC NAME
- Geographic name: Africa
- General subdivision: Civilization
- General subdivision: Study and teaching.
670 ## - SOURCE DATA FOUND
- Source citation: Work cat.: (ARRUPE)0: Afrocentricity and the academy :, c2003.